Devinez le jeu vidéo #4 - Statistiques

Statistiques générales
  • Ce quiz a été pris 145 fois
  • Le résultat moyen est 10 sur 16
Statistiques - réponses
Par images Réponse % Correct
Subway Surfers
91%
Super Smash Bros. Ultimate
88%
Jetpack Joyride
85%
Mortal Kombat 9
85%
Genshin Impact
84%
The Legend of Zelda: Breath of the Wild
80%
Dark Souls III
78%
Wii Fit
78%
Sekiro: Shadows Die Twice
63%
Celeste
61%
Final Fantasy VII
60%
Ori and the Blind Forest
58%
Helldivers 2
38%
FTL: Faster Than Light
26%
Slay the Spire
23%
Super Princess Peach
15%
Aucun quiz correspondant
Distribution des résultats
% des personnes avec chaque résultat
Percentile par nombre de réponses
Votre historique - résultats
Vous n’avez pas pris ce quiz